000 01279njm a22002777a 4500
005 20100910140650.0
007 sd ammalaaahaa
008 100904t xxu||||| |||| 00| 0 hin d
028 _aN. 55606
_bHis Master's Voice
028 _aOJE. 27161
_bHis Master's Voice
028 _aOJE. 27162
_bHis Master's Voice
035 _aGR-01727
040 _aSED/VEN
100 _aMangeshkar, Lata
_91184
245 _aShagird; Part-1:
_bHindustani /
_cby Lata Mangeshkar; Music Dtn.by Laxmikant Pyarelal; Lyric by Majrooh
_h[Sound Recording] :
246 _aशागिर्द (लता मंगेशकर)
260 _aDum Dum, India :
_bHis Master's Voice
300 _a1 sound disc [Gramophone Recording] :
_banalog, 33 1/3 rpm ;
_c10 in.
_fGramophone Records
500 _aBrief Records
505 _aSong Side-1; दिल विल प्यार व्यार (शागिर्द) (लता मंगेशकर)) Song Side-2;,वो हैं जरा खफा खफा (मोहम्मद रफ़ी) Part 2
650 _aClassical Music
_xExcerpts
_zIndia
_918309
700 _919413
_aMohammed rafi
700 _919439
942 _2ddc
_cGR
999 _c45120
_d45120